书目信息 |
| 题名: |
中等师范学校教科书(试用本)体育
|
|
| 作者: | ;人民教育出版社师范教材中心组 编 | |
| 分册: | 第三册 | |
| 出版信息: | 北京 人民教育出版社 1995 |
|
| 页数: | 237页 | |
| 开本: | 26cm | |
| 丛书名: | ||
| 单 册: | ||
| 中图分类: | G8 | |
| 科图分类: | 48.9054 | |
| 主题词: | 体育 | |
| 电子资源: | ||
| ISBN: | 7-107-11437-9 | |
| 000 | 00783nam0 2200217 45 | |
| 001 | 0194041141 | |
| 005 | 20070712092322.96 | |
| 010 | @a7-107-11437-9@dCNY11.60 | |
| 100 | @a19940809d1995 em y0chiy0121 ea | |
| 101 | 0 | @achi |
| 102 | @aCN@b110000 | |
| 105 | @afg z 000yy | |
| 200 | 10 | @a中等师范学校教科书(试用本)体育@Azhong deng shi fan xue xiao jiao ke shu(shi yong ben)ti yu@h第三册@f人民教育出版社师范教材中心组编@Fren min jiao yu chu ban she shi fan jiao cai zhong xin zu bian |
| 210 | @a北京@c人民教育出版社@d1995@h1996 | |
| 215 | @a237页@d26cm | |
| 606 | 0 | @a体育 |
| 690 | @aG8@v三版 | |
| 692 | @a48.9054 | |
| 711 | 02 | @a人民教育出版社师范教材中心组@Aren min jiao yu chu ban she shi fan jiao cai zhong xin zu@4编 |
| 801 | 0 | @aCN@bTSSF@c20070712 |
| 905 | @a10447@dG8@e281:3 | |
| 中等师范学校教科书(试用本)体育.第三册/人民教育出版社师范教材中心组编.-北京:人民教育出版社,1995(1996) |
| 237页;26cm |
| ISBN 7-107-11437-9:CNY11.60 |
| ● |
| 相关链接 |
|
|
|
|
正题名:中等师范学校教科书(试用本)体育
索取号:G8/281:3
 
预约/预借
| 序号 | 登录号 | 条形码 | 馆藏地/架位号 | 状态 | 备注 |
| 1 | 0764957 | 207649570 | 第一样本阅览室/ [索取号:G8/281:3] | 在馆 |